[Event "Wch U12 Girls"]
[Site "Batumi"]
[Date "2016.10.29"]
[Round "10"]
[White "Misiuk, Emilija"]
[Black "Tasoshvili, Tamar"]
[Result "0-1"]
[WhiteElo "1492"]
[BlackElo "1404"]
[PlyCount "78"]
[EventDate "2016.10.19"]
[EventType "swiss"]
[EventRounds "11"]
[EventCountry "GEO"]
[SourceTitle "EXT 2018"]
[Source "ChessBase"]
[SourceDate "2017.10.13"]
[SourceVersion "1"]
[SourceVersionDate "2017.10.13"]
[SourceQuality "1"]

1. d4 Nf6 2. c4 e6 3. Nc3 d5 4. Nf3 c6 5. e3 Be7 6. cxd5 exd5 7. Bd3 Bg4 8. 0-0 0-0 9. a3 Re8 10. b4 Bd6 11. Be2 Ne4 12. Nxe4 dxe4 13. Nd2 Bxe2 14. Qxe2 Qh4 15. h3 Re6 16. Qg4 Qxg4 17. hxg4 Nd7 18. Nc4 Be7 19. f4 Rg6 20. g5 h6 21. gxh6 Rxh6 22. a4 f5 23. Rb1 a6 24. b5 axb5 25. axb5 c5 26. dxc5 Nxc5 27. b6 Bd8 28. Bd2 Bh4 29. Ra1 Rxa1 30. Rxa1 Nd3 31. Ra7 Bf2+ 32. Kf1 Rh1+ 33. Ke2 Be1 34. Bxe1 Rxe1+ 35. Kd2 Rc1 36. Nd6 Rc6 37. Nxb7 Rxb6 38. Nd8 Rb2+ 39. Kd1 Rxg2 0-1

[Event "Wch U12 Girls"]
[Site "Batumi"]
[Date "2016.10.27"]
[Round "8"]
[White "Misiuk, Emilija"]
[Black "Mudodo, Refiloe Hazel"]
[Result "1-0"]
[WhiteElo "1492"]
[BlackElo "1268"]
[PlyCount "95"]
[EventDate "2016.10.19"]
[EventType "swiss"]
[EventRounds "11"]
[EventCountry "GEO"]
[SourceTitle "EXT 2018"]
[Source "ChessBase"]
[SourceDate "2017.10.13"]
[SourceVersion "1"]
[SourceVersionDate "2017.10.13"]
[SourceQuality "1"]

1. d4 d5 2. c4 e6 3. Nf3 Be7 4. Nc3 Nf6 5. Bg5 0-0 6. e3 Nbd7 7. Qc2 b6 8. Bxf6 Nxf6 9. cxd5 exd5 10. Rb1 a5 11. a3 Bg4 12. Ne5 Bh5 13. Nc6 Qd6 14. Nxe7+ Qxe7 15. Bd3 Rfe8 16. 0-0 Rad8 17. Rbc1 c6 18. Na4 b5 19. Nc5 Rd6 20. Nb3 a4 21. Na5 Ne4 22. Nxc6 Qg5 23. f4 Qh4 24. Bxb5 Rh6 25. Ne7+ Qxe7 26. Bxe8 Qxe8 27. Qxa4 Re6 28. Qxe8+ Rxe8 29. b4 Ra8 30. a4 h6 31. Ra1 Be2 32. Rfb1 Bc4 33. a5 Nc3 34. Rb2 Kf8 35. Kf2 Ke7 36. Kf3 Kd6 37. Rc1 Nb5 38. Rd2 Rc8 39. e4 dxe4+ 40. Kxe4 f6 41. Rdc2 Bd5+ 42. Kd3 Ra8 43. Rc8 Rxc8 44. Rxc8 Bxg2 45. Rg8 g5 46. fxg5 fxg5 47. Rg6+ Kd5 48. Rxh6 1-0

[Event "Wch U12 Girls"]
[Site "Batumi"]
[Date "2016.10.19"]
[Round "1"]
[White "Juhasz, Judit"]
[Black "Misiuk, Emilija"]
[Result "1-0"]
[WhiteElo "1896"]
[BlackElo "1492"]
[PlyCount "57"]
[EventDate "2016.10.19"]
[EventType "swiss"]
[EventRounds "11"]
[EventCountry "GEO"]
[SourceTitle "EXT 2018"]
[Source "ChessBase"]
[SourceDate "2017.10.13"]
[SourceVersion "1"]
[SourceVersionDate "2017.10.13"]
[SourceQuality "1"]

1. e4 c5 2. Nf3 Nc6 3. d4 cxd4 4. Nxd4 Nf6 5. Nc3 d6 6. Be2 e5 7. Nb3 Be7 8. 0-0 0-0 9. Kh1 Be6 10. f4 exf4 11. Bxf4 d5 12. e5 Nd7 13. Nxd5 Ncxe5 14. Nxe7+ Qxe7 15. Nd4 Bd5 16. Nf5 Qe6 17. Bxe5 Qxe5 18. Qxd5 Qxd5 19. Ne7+ Kh8 20. Nxd5 Ne5 21. Rad1 Rac8 22. c3 Rfe8 23. Bb5 Red8 24. Ne7 Rxd1 25. Rxd1 Rf8 26. Rd5 Ng4 27. Rd7 a6 28. Be2 Nf6 29. Rxb7 1-0

[Event "LTU-ch (Women)"]
[Site "Vilnius"]
[Date "2016.03.09"]
[Round "5"]
[White "Staskeviciute, Darija"]
[Black "Misiuk, Emilija"]
[Result "0-1"]
[WhiteElo "1472"]
[BlackElo "1599"]
[PlyCount "70"]
[EventDate "2016.03.06"]
[EventType "swiss"]
[EventRounds "7"]
[EventCountry "LTU"]
[SourceTitle "CBM 171 Extra"]
[Source "ChessBase"]
[SourceDate "2016.04.26"]
[SourceVersion "1"]
[SourceVersionDate "2016.04.26"]
[SourceQuality "1"]

1. e4 c5 2. Nf3 Nc6 3. d4 cxd4 4. Nxd4 Nf6 5. Nc3 d6 6. f3 e5 7. Nb3 Be7 8. Be3 Be6 9. Nd5 0-0 10. Qd2 Rc8 11. 0-0-0 Bxd5 12. exd5 Nb8 13. g4 Na6 14. g5 Nd7 15. h4 Nac5 16. Nxc5 Nxc5 17. Bh3 Rc7 18. Kb1 b5 19. h5 g6 20. hxg6 fxg6 21. Bxc5 Rxc5 22. Be6+ Kg7 23. Qh2 Bxg5 24. Qxh7+ Kf6 25. Qxa7 Qc7 26. Qxc7 Rxc7 27. Rd3 Rc4 28. a3 b4 29. Rh7 bxa3 30. Rxa3 Bf4 31. Rb7 e4 32. fxe4 Rxe4 33. b4 Kg5 34. Rb3 Be5 35. Rf7 Re1+ 0-1

[Event "LTU-ch (Women)"]
[Site "Vilnius"]
[Date "2016.03.07"]
[Round "3"]
[White "Misiuk, Emilija"]
[Black "Ravlusevic, Evelina"]
[Result "0-1"]
[WhiteElo "1599"]
[BlackElo "1563"]
[PlyCount "58"]
[EventDate "2016.03.06"]
[EventType "swiss"]
[EventRounds "7"]
[EventCountry "LTU"]
[SourceTitle "CBM 171 Extra"]
[Source "ChessBase"]
[SourceDate "2016.04.26"]
[SourceVersion "1"]
[SourceVersionDate "2016.04.26"]
[SourceQuality "1"]

1. d4 d5 2. c4 c6 3. Nf3 Nf6 4. e3 e6 5. Nc3 Nbd7 6. cxd5 exd5 7. Bd3 Bd6 8. Qc2 0-0 9. 0-0 Re8 10. Re1 Qc7 11. e4 dxe4 12. Nxe4 Nxe4 13. Bxe4 Nf6 14. Bxh7+ Kh8 15. Rxe8+ Nxe8 16. Bf5 Nf6 17. Bg5 Nd5 18. Re1 Bxf5 19. Qxf5 Kg8 20. Re4 Qc8 21. Qg4 f5 22. Re8+ Qxe8 23. Qxf5 Qf7 24. Qg4 Qg6 25. g3 Re8 26. h4 Qe6 27. Qh5 Rf8 28. Bd2 Qf5 29. Qxf5 Rxf5 0-1

[Event "Wch U12 Girls"]
[Site "Porto Carras"]
[Date "2015.10.26"]
[Round "2"]
[White "Berdnyk, Mariia"]
[Black "Misiuk, Emilija"]
[Result "1-0"]
[WhiteElo "1822"]
[BlackElo "1604"]
[PlyCount "71"]
[EventDate "2015.10.25"]
[EventType "swiss"]
[EventRounds "11"]
[EventCountry "GRE"]
[SourceTitle "CBM 169 Extra"]
[Source "ChessBase"]
[SourceDate "2015.12.18"]
[SourceVersion "1"]
[SourceVersionDate "2015.12.18"]
[SourceQuality "1"]

1. e4 c5 2. d4 cxd4 3. c3 d3 4. Bxd3 Nc6 5. c4 Nf6 6. Nc3 g6 7. f4 d6 8. Nf3 Bg7 9. Qe2 0-0 10. 0-0 Nd7 11. Be3 Nb6 12. f5 e6 13. c5 dxc5 14. Bxc5 Re8 15. fxg6 hxg6 16. e5 Nd7 17. Bd6 Ndxe5 18. Bxe5 Nxe5 19. Nxe5 Qd4+ 20. Kh1 Qxe5 21. Qf3 Rf8 22. Rae1 Qc7 23. Ne4 Qe7 24. Qg3 b6 25. Ng5 Bh6 26. Re5 f6 27. Nxe6 Bxe6 28. Rxe6 Qxe6 29. Qxg6+ Bg7 30. Qh7+ Kf7 31. Bg6+ Ke7 32. Qxg7+ Kd6 33. Bf5 Rf7 34. Qg3+ Qe5 35. Rd1+ Ke7 36. Re1 1-0

[Event "LTU-ch U12 Girls"]
[Site "Vilnius"]
[Date "2015.04.13"]
[Round "4.1"]
[White "Ravlusevic, Evelina"]
[Black "Misiuk, Emilija"]
[Result "1/2-1/2"]
[WhiteElo "1399"]
[BlackElo "1464"]
[PlyCount "99"]
[EventDate "2015.04.11"]
[EventType "swiss"]
[EventRounds "7"]
[EventCountry "LTU"]
[SourceTitle "EXT 2024"]
[Source "ChessBase"]
[SourceDate "2023.10.10"]
[SourceVersion "1"]
[SourceVersionDate "2023.10.10"]
[SourceQuality "1"]

1. d4 Nf6 2. Nf3 g6 3. g3 Bg7 4. Bg2 d5 5. 0-0 0-0 6. c4 dxc4 7. Na3 c3 8. bxc3 c5 9. Nc4 Nc6 10. e3 Ne4 11. Qc2 Bf5 12. Qb2 Rb8 13. Nh4 Be6 14. Bxe4 Bxc4 15. Rd1 cxd4 16. cxd4 Bd5 17. Bd3 e5 18. e4 Nxd4 19. exd5 e4 20. Qb1 exd3 21. Bb2 Qxd5 22. Rxd3 Rfe8 23. Qd1 Ne2+ 24. Qxe2 Rxe2 25. Rxd5 Rxb2 26. a4 Rd2 27. Rd1 Rxd1+ 28. Rxd1 b5 29. axb5 Rxb5 30. Rd8+ Bf8 31. Ra8 a5 32. Kg2 Kg7 33. Nf3 Bb4 34. Nd4 Rd5 35. Nc6 Bc3 36. Ra7 Rc5 37. Nd8 Rf5 38. Ne6+ Kf6 39. Nd8 Rxf2+ 40. Kh3 Ke5 41. Nxf7+ Kd5 42. Nd8 Kc5 43. Rxh7 Kb4 44. Nc6+ Ka3 45. Nxa5 Bxa5 46. Rg7 Rf6 47. Kg4 Bc3 48. Rg8 Bd2 49. h4 Kb4 50. Rc8 1/2-1/2

[Event "LTU-ch U12 Girls"]
[Site "Vilnius"]
[Date "2015.04.12"]
[Round "2.1"]
[White "Versekenaite, Gabija"]
[Black "Misiuk, Emilija"]
[Result "0-1"]
[WhiteElo "1309"]
[BlackElo "1464"]
[PlyCount "120"]
[EventDate "2015.04.11"]
[EventType "swiss"]
[EventRounds "7"]
[EventCountry "LTU"]
[SourceTitle "EXT 2024"]
[Source "ChessBase"]
[SourceDate "2023.10.10"]
[SourceVersion "1"]
[SourceVersionDate "2023.10.10"]
[SourceQuality "1"]

1. e4 c5 2. c3 d5 3. exd5 Qxd5 4. d4 Nc6 5. Nf3 Bg4 6. Be2 Nf6 7. 0-0 e6 8. Be3 cxd4 9. cxd4 Be7 10. Nc3 Qd8 11. a3 0-0 12. h3 Bh5 13. Qb3 Rb8 14. Rfd1 a6 15. Na4 Na5 16. Qb6 Nd5 17. Qxd8 Rfxd8 18. b4 Nb3 19. Rab1 b5 20. Rxb3 bxa4 21. Rb2 a5 22. Bd2 axb4 23. axb4 Bxb4 24. Bxb4 Nxb4 25. Bd3 a3 26. Rb3 a2 27. Kh2 h6 28. g4 Bg6 29. Bxg6 fxg6 30. Ra1 Rdc8 31. Kg3 Rc4 32. Ne5 Rxd4 33. Nxg6 Ra8 34. Rb2 Ra3+ 35. f3 Rad3 36. Raxa2 Nxa2 37. Rxa2 Rb3 38. Ra8+ Kf7 39. Nh4 g5 40. Ng2 Rdd3 41. Ne1 Re3 42. Ra1 Kf6 43. h4 Rb6 44. h5 e5 45. Kg2 e4 46. Kf2 Reb3 47. Ra4 exf3 48. Nxf3 R3b4 49. Ra1 Rxg4 50. Rg1 Rxg1 51. Nxg1 g4 52. Ne2 Rb2 53. Ke3 Rxe2+ 54. Kxe2 Kg5 55. Kf2 Kxh5 56. Kg2 Kh4 57. Kh2 g3+ 58. Kg1 Kg4 59. Kg2 h5 60. Kh1 Kh3 0-1

[Event "LTU-ch U14 Girls"]
[Site "Panevezys"]
[Date "2015.04.02"]
[Round "6"]
[White "Sibajeva, Marija"]
[Black "Misiuk, Emilija"]
[Result "1-0"]
[WhiteElo "1865"]
[BlackElo "1464"]
[PlyCount "117"]
[EventDate "2015.03.30"]
[EventType "swiss"]
[EventRounds "7"]
[EventCountry "LTU"]
[SourceTitle "EXT 2017"]
[Source "ChessBase"]
[SourceDate "2016.10.25"]
[SourceVersion "1"]
[SourceVersionDate "2016.10.25"]
[SourceQuality "1"]

1. d4 Nf6 2. c4 g6 3. Nc3 d5 4. Nf3 Bg7 5. Qa4+ c6 6. cxd5 Nxd5 7. e4 Nxc3 8. bxc3 0-0 9. Ba3 Qc7 10. Bd3 Nd7 11. Bxe7 Re8 12. Ba3 Nf6 13. Qc2 Bg4 14. Ne5 Be6 15. 0-0 Nd7 16. Nc4 Bxc4 17. Bxc4 c5 18. Qb3 Nb6 19. Bb5 Rxe4 20. Bxc5 Rh4 21. g3 Rh5 22. Be2 Rg5 23. Rfb1 Re8 24. Bb5 Nd7 25. Bxd7 Qxd7 26. Qxb7 Qh3 27. Re1 Rc8 28. Re3 Rh5 29. Qg2 Qd7 30. Rae1 Bf8 31. Bxf8 Rxf8 32. Rb1 Qa4 33. f4 Ra5 34. Rb2 Rc8 35. Qc2 Qa3 36. Qb3 Qd6 37. a4 Rd5 38. Re5 Rxe5 39. fxe5 Qc6 40. Rc2 Qe4 41. Rf2 Qe1+ 42. Kg2 Qe4+ 43. Kf1 Qh1+ 44. Ke2 Qe4+ 45. Kd2 Rf8 46. Re2 Qg4 47. e6 Qg5+ 48. Kc2 Qf5+ 49. Kb2 fxe6 50. Qxe6+ Qxe6 51. Rxe6 Rf2+ 52. Kb3 Rxh2 53. d5 Rd2 54. Kc4 Kf7 55. Ra6 g5 56. Rxa7+ Kf6 57. Rxh7 Ke5 58. Re7+ Kd6 59. Re6+ 1-0

[Event "LTU-ch U14 Girls"]
[Site "Panevezys"]
[Date "2015.03.31"]
[Round "3"]
[White "Misiuk, Emilija"]
[Black "Perminaite, Guoda"]
[Result "0-1"]
[WhiteElo "1464"]
[BlackElo "1543"]
[PlyCount "90"]
[EventDate "2015.03.30"]
[EventType "swiss"]
[EventRounds "7"]
[EventCountry "LTU"]
[SourceTitle "EXT 2017"]
[Source "ChessBase"]
[SourceDate "2016.10.25"]
[SourceVersion "1"]
[SourceVersionDate "2016.10.25"]
[SourceQuality "1"]

1. d4 d5 2. c4 e6 3. Nf3 Nf6 4. Nc3 Be7 5. Bg5 0-0 6. e3 b6 7. Bd3 h6 8. Bh4 Bb7 9. Qc2 Nbd7 10. 0-0-0 c5 11. Kb1 Rc8 12. Qe2 cxd4 13. Nxd4 Ne5 14. cxd5 Nxd5 15. Nxd5 Bxd5 16. Bg3 Nxd3 17. Qxd3 Qe8 18. h4 Qa4 19. a3 Qc4 20. Qxc4 Rxc4 21. f3 Rd8 22. e4 Bxe4+ 23. fxe4 Rcxd4 24. Rc1 Rxe4 25. Rc7 Bf6 26. Rc2 Red4 27. Ka2 Rd1 28. Rxd1 Rxd1 29. Bb8 Rd7 30. g3 Rb7 31. Bf4 e5 32. Be3 Re7 33. Rc8+ Kh7 34. h5 Bg5 35. Bxg5 hxg5 36. g4 e4 37. Rc2 e3 38. Re2 g6 39. hxg6+ Kxg6 40. Kb3 Re4 41. Kc3 f5 42. gxf5+ Kxf5 43. Kd3 Re7 44. Rxe3 Rxe3+ 45. Kxe3 Kg4 0-1

[Event "Vilnius op"]
[Site "Vilnius"]
[Date "2014.11.22"]
[Round "4"]
[White "Indriunas, Matas"]
[Black "Misiuk, Emilija"]
[Result "1-0"]
[WhiteElo "1749"]
[BlackElo "1439"]
[PlyCount "63"]
[EventDate "2014.11.19"]
[EventType "swiss"]
[EventRounds "9"]
[EventCountry "LTU"]
[SourceTitle "CBM 163 Extra"]
[Source "ChessBase"]
[SourceDate "2014.12.23"]
[SourceVersion "1"]
[SourceVersionDate "2014.12.23"]
[SourceQuality "1"]

1. e4 c5 2. Nf3 Nc6 3. d4 cxd4 4. Nxd4 g6 5. Nc3 Bg7 6. Be3 Nf6 7. Nxc6 bxc6 8. e5 Ng8 9. Bd4 e6 10. f4 Ne7 11. Bd3 0-0 12. 0-0 d5 13. Kh1 f6 14. exf6 Bxf6 15. Be5 Nf5 16. Bxf5 exf5 17. Qf3 Re8 18. Rfe1 Ba6 19. Rad1 Bxe5 20. fxe5 Qc7 21. Qe3 Re6 22. Qc5 Rae8 23. Rxd5 Qb7 24. Rd6 Qxb2 25. Qxc6 Rxe5 26. Rxe5 Rxe5 27. Rd8+ Kf7 28. Rd7+ Re7 29. Qd5+ Kf6 30. Qd4+ Kf7 31. Rxe7+ Kxe7 32. Nd5+ 1-0

[Event "LTU-ch U14 Girls"]
[Site "Panevezys"]
[Date "2014.03.28"]
[Round "6"]
[White "Pociute, Ema"]
[Black "Misiuk, Emilija"]
[Result "1/2-1/2"]
[WhiteElo "1476"]
[BlackElo "1449"]
[PlyCount "89"]
[EventDate "2014.03.25"]
[EventType "swiss"]
[EventRounds "9"]
[EventCountry "LTU"]
[SourceTitle "EXT 2016"]
[Source "ChessBase"]
[SourceDate "2015.10.08"]
[SourceVersion "1"]
[SourceVersionDate "2015.10.08"]
[SourceQuality "1"]

1. Nc3 g6 2. Nf3 Bg7 3. e4 c5 4. Bc4 Nc6 5. 0-0 e6 6. d3 Nge7 7. Be3 d5 8. exd5 exd5 9. Bxc5 dxc4 10. dxc4 Qxd1 11. Nxd1 0-0 12. Re1 Be6 13. Bxe7 Nxe7 14. Ng5 Nf5 15. Nxe6 fxe6 16. Rxe6 Nd4 17. Re7 Nxc2 18. Rc1 Nb4 19. a3 Nd3 20. Rc2 Rae8 21. Rxe8 Rxe8 22. Ne3 Nxb2 23. Kf1 Nd3 24. Rd2 Nc5 25. Rd5 Ne4 26. Rd7 Rf8 27. f3 Nc5 28. Rd5 b6 29. Nc2 Bf6 30. Nb4 Rd8 31. Nc6 Rxd5 32. cxd5 a5 33. Ke2 Bb2 34. Ne7+ Kf7 35. Nc8 Bxa3 36. Nxb6 a4 37. d6 Bb4 38. Kd1 Nb3 39. d7 Ke7 40. Nd5+ Kxd7 41. Nxb4 Kd6 42. Kc2 Kc5 43. Nd3+ Kc4 44. Nb2+ Kb4 45. Nd3+ 1/2-1/2

[Event "LTU-ch sf (Women)"]
[Site "Vilnius"]
[Date "2014.02.20"]
[Round "4"]
[White "Bajoraite, Rita"]
[Black "Misiuk, Emilija"]
[Result "1-0"]
[WhiteElo "1960"]
[BlackElo "1445"]
[PlyCount "49"]
[EventDate "2014.02.17"]
[EventType "swiss"]
[EventRounds "7"]
[EventCountry "LTU"]
[SourceTitle "CBM 158 Extra"]
[Source "ChessBase"]
[SourceDate "2014.02.28"]
[SourceVersion "1"]
[SourceVersionDate "2014.02.28"]
[SourceQuality "1"]

1. d4 Nf6 2. c4 g6 3. Nc3 d5 4. cxd5 Nxd5 5. e4 Nxc3 6. bxc3 Bg7 7. Be3 c5 8. Qd2 Nc6 9. d5 Qa5 10. Rc1 Nd8 11. f4 0-0 12. Nf3 b6 13. Bd3 Bg4 14. 0-0 Nb7 15. Ne5 Bc8 16. Nc6 Qa3 17. Nxe7+ Kh8 18. f5 gxf5 19. exf5 c4 20. f6 Bxf6 21. Rxf6 Qxe7 22. Bd4 Qa3 23. Rxf7+ Kg8 24. Rg7+ Kh8 25. Rg5+ 1-0

[Event "Kaunas GP op"]
[Site "Kaunas"]
[Date "2013.09.16"]
[Round "5"]
[White "Gailiunaite, Saule"]
[Black "Misiuk, Emilija"]
[Result "1-0"]
[WhiteElo "1644"]
[BlackElo "1465"]
[PlyCount "61"]
[EventDate "2013.09.13"]
[EventType "swiss"]
[EventRounds "5"]
[EventCountry "LTU"]
[SourceTitle "EXT 2024"]
[Source "ChessBase"]
[SourceDate "2023.10.10"]
[SourceVersion "1"]
[SourceVersionDate "2023.10.10"]
[SourceQuality "1"]

1. d4 Nf6 2. c4 g6 3. Nc3 d5 4. cxd5 Nxd5 5. e4 Nxc3 6. bxc3 Bg7 7. Bc4 c5 8. Be3 Nc6 9. Ne2 0-0 10. Rc1 e6 11. 0-0 Na5 12. Bb3 cxd4 13. cxd4 b6 14. d5 exd5 15. exd5 Nxb3 16. Qxb3 Bb7 17. Rfd1 Qd6 18. Nc3 Rfd8 19. Nb5 Qe5 20. Nxa7 Bxd5 21. Qxb6 Qe4 22. f3 Qe7 23. Rc7 Qe5 24. Rc2 Rab8 25. Nc6 Rxb6 26. Nxe5 Re6 27. Rxd5 Rde8 28. Nc4 Rc6 29. Rc5 Ra6 30. Bf2 Rd8 31. Ne3 1-0

[Event "Palanga op"]
[Site "Palanga"]
[Date "2013.06.18"]
[Round "3"]
[White "Idzeliene, Asta"]
[Black "Misiuk, Emilija"]
[Result "0-1"]
[WhiteElo "1729"]
[BlackElo "1475"]
[PlyCount "68"]
[EventDate "2013.06.17"]
[EventType "swiss"]
[EventRounds "9"]
[EventCountry "LTU"]
[SourceTitle "EXT 2014"]
[Source "ChessBase"]
[SourceDate "2013.11.20"]
[SourceVersion "1"]
[SourceVersionDate "2013.11.20"]
[SourceQuality "1"]

1. e4 c5 2. Nf3 Nc6 3. d4 cxd4 4. Nxd4 g6 5. Nxc6 bxc6 6. Qd4 Nf6 7. e5 Nd5 8. e6 Nf6 9. exf7+ Kxf7 10. Bc4+ d5 11. Bb3 Bg7 12. Qd1 Re8 13. 0-0 Kg8 14. Nc3 e5 15. Bg5 Kh8 16. Re1 Bg4 17. f3 Bf5 18. g4 Bd7 19. Kg2 Qb6 20. Be3 d4 21. Na4 Qc7 22. Bf2 c5 23. c3 Qc6 24. cxd4 exd4 25. Rc1 Bf8 26. Bxd4 Rad8 27. Rxe8 Rxe8 28. Bxf6+ Qxf6 29. Qxd7 Re2+ 30. Kg3 Qe5+ 31. f4 Qe3+ 32. Kh4 Rxh2+ 33. Kg5 Be7+ 34. Qxe7 Qxe7# 0-1